000 00598nam a2200193Ia 4500
005 20250508152848.0
008 008 250505s9999 xx 000 0 eng d
037 _aTextual
040 _aFEDL
_beng
_cFEDL
041 _aeng
_2eng
084 _a158.1, OAK
_qFEDL
100 _aOakley E. Gilbert
_9762599
245 0 _aHow to cultivate confidence and promote personality : A do - it - yourself kit for success in life
260 _aPerston
_bA. Thomas and Co
_c1961
300 _a368p.
650 _aApplied Psychology
942 _cTEXL
_h158.1, OAK
999 _c1339259
_d1339259